<?xml version="1.0" encoding="UTF-8"?>
<record
    xmlns:xsi="http://www.w3.org/2001/XMLSchema-instance"
    xsi:schemaLocation="http://www.loc.gov/MARC21/slim http://www.loc.gov/standards/marcxml/schema/MARC21slim.xsd"
    xmlns="http://www.loc.gov/MARC21/slim">

  <leader>00652nam a22001937a 4500</leader>
  <controlfield tag="003">OSt</controlfield>
  <controlfield tag="005">20250812115142.0</controlfield>
  <controlfield tag="008">250812b        |||ao||| |||| 00| 0 spa d</controlfield>
  <datafield tag="037" ind1=" " ind2=" ">
    <subfield code="b">Donaci&#xF3;n</subfield>
  </datafield>
  <datafield tag="040" ind1=" " ind2=" ">
    <subfield code="a">CO-JMCR</subfield>
    <subfield code="b">spa</subfield>
    <subfield code="c">CO-JMCR</subfield>
    <subfield code="d">CO-JMCR</subfield>
    <subfield code="e">rda</subfield>
  </datafield>
  <datafield tag="041" ind1="0" ind2=" ">
    <subfield code="a">spa</subfield>
  </datafield>
  <datafield tag="082" ind1="0" ind2="4">
    <subfield code="2">23</subfield>
    <subfield code="a">338.175</subfield>
    <subfield code="b">C71</subfield>
  </datafield>
  <datafield tag="245" ind1="0" ind2="0">
    <subfield code="a">Colombian grown : </subfield>
    <subfield code="b">the finest quality cut flowers in the world /</subfield>
  </datafield>
  <datafield tag="264" ind1=" " ind2=" ">
    <subfield code="a">[Bogot&#xE1;] : </subfield>
    <subfield code="b">Dise&#xF1;o Editorial : </subfield>
    <subfield code="b">Colombia Land of Flowers, </subfield>
    <subfield code="c">2008.</subfield>
  </datafield>
  <datafield tag="300" ind1=" " ind2=" ">
    <subfield code="a">207 p&#xE1;ginas : </subfield>
    <subfield code="b">ilustraciones, fotograf&#xED;as ; </subfield>
    <subfield code="c">29 cm.</subfield>
  </datafield>
  <datafield tag="650" ind1="2" ind2="4">
    <subfield code="2">JMCR</subfield>
    <subfield code="a">Exportaci&#xF3;n</subfield>
    <subfield code="z">Colombia</subfield>
    <subfield code="9">44257</subfield>
  </datafield>
  <datafield tag="650" ind1="2" ind2="4">
    <subfield code="2">JMCR</subfield>
    <subfield code="a">Floricultura</subfield>
    <subfield code="z">Colombia</subfield>
    <subfield code="9">44258</subfield>
  </datafield>
  <datafield tag="942" ind1=" " ind2=" ">
    <subfield code="2">ddc</subfield>
    <subfield code="c">BK</subfield>
  </datafield>
  <datafield tag="999" ind1=" " ind2=" ">
    <subfield code="c">31061</subfield>
    <subfield code="d">17445</subfield>
  </datafield>
  <datafield tag="952" ind1=" " ind2=" ">
    <subfield code="0">0</subfield>
    <subfield code="1">0</subfield>
    <subfield code="2">ddc</subfield>
    <subfield code="4">0</subfield>
    <subfield code="7">0</subfield>
    <subfield code="8">NFIC</subfield>
    <subfield code="a">CPL</subfield>
    <subfield code="b">CPL</subfield>
    <subfield code="c">CART</subfield>
    <subfield code="d">2025-04-14</subfield>
    <subfield code="e">Donaci&#xF3;n</subfield>
    <subfield code="l">0</subfield>
    <subfield code="o">338.175 C71</subfield>
    <subfield code="p">201812683</subfield>
    <subfield code="r">2025-08-12 11:52:26</subfield>
    <subfield code="t">Ej.1</subfield>
    <subfield code="w">2025-08-12</subfield>
    <subfield code="y">BK</subfield>
  </datafield>
</record>
